<?xml version="1.0" encoding="UTF-8"?>
<record
    xmlns:xsi="http://www.w3.org/2001/XMLSchema-instance"
    xsi:schemaLocation="http://www.loc.gov/MARC21/slim http://www.loc.gov/standards/marcxml/schema/MARC21slim.xsd"
    xmlns="http://www.loc.gov/MARC21/slim">

  <leader>01466nam a22002417a 4500</leader>
  <controlfield tag="008">160806s2002        enk||||| |||| 00| 0 eng d</controlfield>
  <datafield tag="082" ind1="0" ind2="4">
    <subfield code="a">708</subfield>
    <subfield code="b">U22m</subfield>
  </datafield>
  <datafield tag="110" ind1="1" ind2=" ">
    <subfield code="a">University of Essex Collection of Latin American Art.</subfield>
    <subfield code="9">5377</subfield>
  </datafield>
  <datafield tag="245" ind1="1" ind2="0">
    <subfield code="a">Modernity and identity :</subfield>
    <subfield code="b">architectures, the nature of the city /</subfield>
    <subfield code="c">University of Essex Collection of Latin American Art ; Gallery 32.</subfield>
  </datafield>
  <datafield tag="250" ind1=" " ind2=" ">
    <subfield code="a">1a ed.</subfield>
  </datafield>
  <datafield tag="260" ind1=" " ind2=" ">
    <subfield code="a">Reino Unido :</subfield>
    <subfield code="b">Gallery 32,</subfield>
    <subfield code="c">2002.</subfield>
  </datafield>
  <datafield tag="300" ind1=" " ind2=" ">
    <subfield code="a">30 p.</subfield>
    <subfield code="b">il. col.</subfield>
  </datafield>
  <datafield tag="500" ind1=" " ind2=" ">
    <subfield code="a">Publicado en conjunto a la exhibici&#xF3;n "Modernity and identity: architectures, the nature of the city", la cual fue conformada por una selecci&#xF3;n de obras de University of Essex Collection of Latin American Art (UECLAA), presentada en Gallery 32, del 7 de noviembre al 4 de diciembre del 2002.</subfield>
  </datafield>
  <datafield tag="505" ind1="0" ind2=" ">
    <subfield code="t">Modernity, identity and the city: Brazil and Bras&#xED;lia</subfield>
    <subfield code="r">Valerie Fraser.</subfield>
    <subfield code="t">Modernity and identity: architectures, the nature of the city</subfield>
    <subfield code="r">Isobel Whitelegg.</subfield>
    <subfield code="t">The exhibits </subfield>
    <subfield code="r">Annarr&#xEA; Smith, Manfredo Alves de Souzanetto, Fernando Velloso, Martha Nikklaus, Siron Franco, Antonio Henrique Amaral, Carla Guagliardi, Milton Machado, Rossini Perez, Darel Valenca Lins, Carlos Martins y Marcos Coelho Benjamin.</subfield>
    <subfield code="t">Credits.</subfield>
    <subfield code="r">Colophon.</subfield>
  </datafield>
  <datafield tag="653" ind1="1" ind2="0">
    <subfield code="a">Arte contempor&#xE1;neo</subfield>
  </datafield>
  <datafield tag="653" ind1="1" ind2="0">
    <subfield code="a">Cat&#xE1;logo de exhibici&#xF3;n</subfield>
  </datafield>
  <datafield tag="653" ind1="1" ind2="0">
    <subfield code="a">Exhibiciones</subfield>
  </datafield>
  <datafield tag="653" ind1="1" ind2="0">
    <subfield code="a">Arte - Brasil</subfield>
  </datafield>
  <datafield tag="653" ind1="1" ind2="0">
    <subfield code="a">Pintura</subfield>
  </datafield>
  <datafield tag="653" ind1="1" ind2="0">
    <subfield code="a">Instalaciones</subfield>
  </datafield>
  <datafield tag="653" ind1="1" ind2="0">
    <subfield code="a">Fotograf&#xED;a</subfield>
  </datafield>
  <datafield tag="710" ind1="1" ind2=" ">
    <subfield code="a">Gallery 32.</subfield>
    <subfield code="9">5378</subfield>
  </datafield>
  <datafield tag="999" ind1=" " ind2=" ">
    <subfield code="c">1000</subfield>
    <subfield code="d">1000</subfield>
  </datafield>
  <datafield tag="952" ind1=" " ind2=" ">
    <subfield code="0">0</subfield>
    <subfield code="1">0</subfield>
    <subfield code="2">ddc</subfield>
    <subfield code="4">0</subfield>
    <subfield code="7">0</subfield>
    <subfield code="a">LV</subfield>
    <subfield code="b">LV</subfield>
    <subfield code="c">Colectivas</subfield>
    <subfield code="d">2016-08-06</subfield>
    <subfield code="l">0</subfield>
    <subfield code="o">708 U22m</subfield>
    <subfield code="p">003922</subfield>
    <subfield code="r">2016-08-06 00:00:00</subfield>
    <subfield code="w">2016-08-06</subfield>
    <subfield code="y">01</subfield>
  </datafield>
</record>
